000 02532nam0a2200445 4500
001 RU\NLR\BIBL_A\022786569
005 20260607130223.0
010 _a978-5-907759-43-5
_95050
021 _aRU
_bКН-П-26-013317
_9КН-П-26-1262
035 _a(NLR Aleph) 022786569
090 _a13725731
_c13725731
100 _a20260416d2025 c y0rusy50 ca
101 0 _arus
102 _aRU
105 _aa|||z|||010ay
181 0 _ai3
_b xxe
181 0 _ab2
_b b2e
182 0 _an
200 1 _aЮные герои Краснодарского края
_eрассказы
_eдля детей младшего школьного возраста
_e[80 лет Великой Победы, 1941–1945]
_fС. Н. Михайловская, Е. Ю. Петухова, Л. А. Суворова
_gхудожники: Г. В. Кривошеева [и др.]
203 _aТекст
_aИзображение
_bвизуальные
_cнепосредственные
210 _aМосква
_cИздательский дом Вахромеева
_d2025
215 _a77, [3] с.
_cцв. ил., портр.
_d26
300 _aНа переплете авт. не указаны
320 _aБиблиогр. в конце кн.
327 1 _aСодерж.: Владик Каширин ; Витя Новицкий / Светлана Михайловская. Толя Алёхин / Елена Петухова. Виталик и Лена Голубятниковы ; Витя Гурин / Лидия Суворова
333 _a6+
464 0 _12001#$aВладик Каширин$aВитя Новицкий$fСветлана Михайловская
464 0 _12001#$aТоля Алёхин$fЕлена Петухова
464 0 _12001#$aВиталик и Лена Голубятниковы$aВитя Гурин$fЛидия Суворова
606 1 _aЮные пионеры-герои
_yКраснодарский край
_xв детской литературе
_2nlr_sh2
_3RU\NLR\AUTH\6601771558
686 0 _aШ9(2)60=Р7-4я43
700 1 _aМихайловская
_bС. Н.
_gСветлана Николаевна
701 1 _aПетухова
_bЕ. Ю.
_gЕлена Юрьевна
701 1 _aСуворова
_bЛ. А.
_gЛидия Александровна
702 1 _aКривошеева
_bГ. В.
_gГалина Васильевна
_3RU\NLR\AUTH\770201228
_4440
942 _cBOOK
980 _aNB